Asian Countries by Unique Letters - Statistics

General Stats
  • This quiz has been taken 21 times
  • The average score is 15 of 18
Answer Stats
Answer % Correct
China
95%
Iraq
95%
Nepal
95%
Bhutan
89%
Iran
89%
Jordan
84%
Kuwait
84%
Oman
84%
Turkey
84%
Vietnam
84%
Israel
79%
Laos
79%
Syria
79%
Brunei
74%
Singapore
74%
Maldives
63%
Uzbekistan
63%
Cyprus
58%
No matching quizzes found
Score Distribution
Percent of People with Each Score
Percentile by Number Answered
Your Score History
You have not taken this quiz